000 00844cab a2200289 4500
001 ABS46356
008 090401t1992 xxu||||| |||| 00| 0 eng d
035 _a(Sirsi) u57939
041 _aeng
100 _aJohnston, S.
245 _aBonding timbers in old brickwork
260 _c1992
350 _a0
490 _aStructural Survey
_v10(4) Spring 1992, 355-362(8)
520 _aAdvice on how to identify bonding timbers, assess their condition and decide on remedial action for rotten or damaged timbers.
650 _aBONDING TIMBERS
650 _aDEFECTS
650 _aGEORGIAN HOUSES
650 _aHISTORIC BUILDINGS
650 _aSTRUCTURAL SURVEYS
650 _aTIMBER DECAY
650 _aVICTORIAN HOUSES
690 _aBUILT ENVIRONMENT-BUILDING INSPECTION
690 _aCON
942 _n0
948 _c04/03/1997
999 _c35365
_d35365